00841cam a2200265 450000100060000000300080000600500170001400800390003103500190007004000320008904100080012108200220012910000500015124500760020125000120027726000320028930000370032149000350035850400370039365000210043065000150045165000230046665000200048970000660050932930BD-RjUL20211209051922.0140429s1961 nyua b 001 0 eng a(BD-RjUL)33020 aDLCcDLCdDLCdBD-RjULbeng aeng00a301.246bELS 19611 aElliott, Mabel A.q(Mabel Agnes),d1898-1990.10aSocial disorganization /c[by] Mabel A. Elliott and Francis E. Merrill. a4th ed. aNew York :bHarper,cc1961. axiii, 795 p. :billus. ;c25 cm.0 aHarper's social science series aIncludes bibliography and index. 0aSocial problems. 0aSociology. 0aSocial psychology. 0aCommunity life.1 aMerrill, Francis Ellsworth, [joint au.]d1904-ejoint author.